000 00999nam a2200313 i 4500
003 EG-GICUC
005 20260121101349.0
008 251126s1970 ||||b||fr|||| 000 0 fre d
040 _aEG-GiCUC
_cEG-GiCUC
_dEG-GiCUC
_eRda
_bfre
041 _afre
082 0 4 _221
_a341,1
_bRO.D
092 0 4 _221
099 _aLaw1 11 341.1 RO.D 1970
100 1 _aRousseau , Charles
_eAuteur
245 1 0 _aDroit International Public.
_nTome 1,
_pIntroduction Et Sources /
_cPar Charles Rousseau.
264 _aParis :
_bRue Soufflot,
_c1970.
300 _a464 page :
_c24 cm.
_billustration ;
336 _2rda contenu
_a texte
337 _2rda medias
_aOrdinateur
338 _2 transporteur rda
_a Ressource en ligne
504 _aRéférences bibliographiques
546 _aTexte en français
650 1 4 _aDroit international public
_2qrmak
650 1 4 _2qrmak
651 1 _2qrmak
856 4 0 _uhttps://fll.law.cu.edu.eg/fulltext/bks/B11-06178.pdf
905 _a75
_eYara
942 _2ddc
_cBK
_e21
_n0
999 _c46334
_d46334